|
|
|
|
| LEADER |
00000nam0a2200000 4500 |
| 001 |
236690 |
| 005 |
20231101231505.0 |
| 010 |
|
|
|a 9781118061145
|
| 035 |
|
|
|a (RuTPU)RU\TPU\book\257856
|
| 090 |
|
|
|a 236690
|
| 100 |
|
|
|a 20130429d2012 k y0engy50 ba
|
| 101 |
0 |
|
|a eng
|
| 102 |
|
|
|a US
|
| 105 |
|
|
|a a z 001zy
|
| 200 |
1 |
|
|a Modern Physics
|f K. S. Krane
|
| 205 |
|
|
|a 3rd ed.
|
| 210 |
|
|
|a Hoboken
|c John Wiley & Sons, Inc.
|d 2012
|
| 215 |
|
|
|a 545 p.
|c il.
|
| 320 |
|
|
|a Index: p. 539-544.
|
| 606 |
1 |
|
|a Физика
|2 stltpush
|3 (RuTPU)RU\TPU\subj\63709
|9 80688
|
| 610 |
1 |
|
|a физические законы
|
| 610 |
1 |
|
|a физические исследования
|
| 610 |
1 |
|
|a теоретическая физика
|
| 610 |
1 |
|
|a электричество
|
| 610 |
1 |
|
|a электромагнетизм
|
| 610 |
1 |
|
|a квантовая физика
|
| 610 |
1 |
|
|a атомная физика
|
| 610 |
1 |
|
|a ядерная физика
|
| 610 |
1 |
|
|a молекулярная физика
|
| 610 |
1 |
|
|a математическая физика
|
| 610 |
1 |
|
|a радиационная физика
|
| 610 |
1 |
|
|a космология
|
| 610 |
1 |
|
|a элементарные частицы
|
| 675 |
|
|
|a 53
|v 3
|
| 700 |
|
1 |
|a Krane
|b K. S.
|g Kenneth
|
| 801 |
|
1 |
|a RU
|b 63413507
|c 20130429
|
| 801 |
|
2 |
|a RU
|b 63413507
|c 20131122
|g RCR
|
| 942 |
|
|
|c BK
|
| 959 |
|
|
|a 87/20130424
|d 1
|e 0
|f ЧЗИЛ:1
|